书目信息 |
| 题名: |
古代诗歌选读
|
|
| 作者: | 黄丙明选 注 | |
| 分册: | ||
| 出版信息: | 长沙 湖南人民出版社 1979 |
|
| 页数: | 162页 | |
| 开本: | 18cm | |
| 丛书名: | ||
| 单 册: | ||
| 中图分类: | G624.2 | |
| 科图分类: | ||
| 主题词: | 教育--各级 | |
| 电子资源: | ||
| ISBN: | ||
| 000 | 00574nam0 2200205 450 | |
| 001 | 0640577125 | |
| 005 | 20060912111736.87 | |
| 010 | @dCNY0.34 | |
| 100 | @a20060912d1979 km y0chiy0120 ea | |
| 101 | 0 | @achi |
| 102 | @aCN@b430000 | |
| 200 | 1 | @a古代诗歌选读@Agu dai shi ge xuan du@f黄丙明选注@Fhuang bing ming xuan zhu |
| 210 | @a长沙@c湖南人民出版社@d1979 | |
| 215 | @a162页@d18cm | |
| 300 | @a少年儿童课外辅助读物 | |
| 606 | 0 | @a教育@x各级 |
| 690 | @aG624.2@v3 | |
| 701 | 0 | @a黄丙明选@Ahuang bing ming xuan@4注 |
| 801 | 0 | @aCN@bPFT@c20060912 |
| 905 | @a10447@dG624.2@e216 | |
| 古代诗歌选读/黄丙明选注.-长沙:湖南人民出版社,1979 |
| 162页;18cm |
| 少年儿童课外辅助读物 |
| ISBN :CNY0.34 |
| ● |
| 相关链接 |
|
|
|
|
正题名:古代诗歌选读
索取号:G624.2/216
 
预约/预借
| 序号 | 登录号 | 条形码 | 馆藏地/架位号 | 状态 | 备注 |
| 1 | 0473980 | 204739809 | 密集书库/ [索取号:G624.2/216] | 在馆 |